000 00505nam a2200157Ia 4500
008 240729s9999 xx 000 0 und d
022 _a2579-6216
245 0 _aJAREE (Journal on Advanced Research in Electrical Engineering)
260 _aIndonesia
260 _bInstitut Teknologi Sepuluh Nopember
650 _a Electrical engineering. Electronics. Nuclear engineering
650 _aTechnology
856 _uhttps://doaj.org/toc/956a2aa48645441ab8c83eada2d438fd
942 _2ddc
942 _cDOAJEJ
999 _c66331
_d66331
945 _a1
_bMadushi Gamage
_c1
_dMadushi Gamage